[Event "CZE-chT2C 2223"]
[Site "Czech Republic"]
[Date "2022.12.18"]
[Round "5.6"]
[White "Keller, Daniel"]
[Black "Kucera, Petr"]
[Result "0-1"]
[WhiteElo "2080"]
[BlackElo "2195"]
[PlyCount "76"]
[EventDate "2022.10.16"]
[EventType "team-tourn"]
[EventRounds "11"]
[EventCountry "CZE"]
[SourceTitle "EXT 2024"]
[Source "ChessBase"]
[SourceDate "2023.10.10"]
[SourceVersion "1"]
[SourceVersionDate "2023.10.10"]
[SourceQuality "1"]
[WhiteTeam "Kutna Hora"]
[BlackTeam "Turnov Zikuda II"]
[WhiteTeamCountry "CZE"]
[BlackTeamCountry "CZE"]

1. f4 d5 2. Nf3 Nf6 3. g3 g6 4. Bg2 Bg7 5. 0-0 0-0 6. d3 b6 7. e4 dxe4 8. Ng5 Bb7 9. Nxe4 Nxe4 10. dxe4 Na6 11. Qe2 e5 12. f5 Nc5 13. Rf2 gxf5 14. exf5 Bxg2 15. Rxg2 Qd4+ 16. Kf1 Ne4 17. c3 Qd5 18. Nd2 Nd6 19. Qg4 Qd3+ 20. Kg1 Qxf5 21. Qe2 e4 22. Rf2 Qe6 23. Nb3 c5 24. Bf4 Nc4 25. Re1 Rae8 26. g4 e3 27. Rg2 Qe4 28. Rf1 Re6 29. Rg3 Rfe8 30. Nc1 Nd2 31. Rxe3 Qxe3+ 32. Bxe3 Nxf1 33. Kxf1 Rxe3 34. Qd1 c4 35. a3 Bf6 36. Na2 Bh4 37. Qd5 Rd3 38. Qh5 Re1+ 0-1

[Event "CZE-chT2C 2223"]
[Site "Czech Republic"]
[Date "2022.10.16"]
[Round "1.6"]
[White "Kincl, Pavel"]
[Black "Keller, Daniel"]
[Result "1-0"]
[WhiteElo "2070"]
[BlackElo "2080"]
[PlyCount "53"]
[EventDate "2022.10.16"]
[EventType "team-tourn"]
[EventRounds "11"]
[EventCountry "CZE"]
[SourceTitle "EXT 2024"]
[Source "ChessBase"]
[SourceDate "2023.10.10"]
[SourceVersion "1"]
[SourceVersionDate "2023.10.10"]
[SourceQuality "1"]
[WhiteTeam "Praha DDM"]
[BlackTeam "Kutna Hora"]
[WhiteTeamCountry "CZE"]
[BlackTeamCountry "CZE"]

1. a3 d5 2. d3 c5 3. e4 dxe4 4. dxe4 Qxd1+ 5. Kxd1 Nf6 6. f3 e5 7. Bb5+ Bd7 8. Bxd7+ Kxd7 9. c4 Nc6 10. Ne2 Bd6 11. Bg5 Ne8 12. Nec3 f6 13. Be3 Ke6 14. Nd5 h5 15. b3 h4 16. h3 g5 17. Nbc3 Ng7 18. Nb5 Raf8 19. b4 b6 20. bxc5 bxc5 21. Kd2 Kd7 22. Rab1 Na5 23. Kc3 a6 24. Nxd6 Kxd6 25. Rhd1 Ke6 26. Rb6+ Kf7 27. Rxa6 1-0

[Event "CZE-chT2C 1920"]
[Site "Czech Republic"]
[Date "2019.11.17"]
[Round "3.6"]
[White "Urban, Zdenek"]
[Black "Keller, Daniel"]
[Result "1-0"]
[WhiteElo "2110"]
[BlackElo "2127"]
[PlyCount "46"]
[EventDate "2019.10.13"]
[EventType "team-tourn"]
[EventRounds "11"]
[EventCountry "CZE"]
[SourceTitle "EXT 2024"]
[Source "ChessBase"]
[SourceDate "2023.10.10"]
[SourceVersion "1"]
[SourceVersionDate "2023.10.10"]
[SourceQuality "1"]
[WhiteTeam "Jicin"]
[BlackTeam "Kutna Hora"]
[WhiteTeamCountry "CZE"]
[BlackTeamCountry "CZE"]

1. d4 d6 2. e4 Nf6 3. Nc3 c6 4. Nf3 Bg4 5. h3 Bh5 6. a4 d5 7. e5 Ne4 8. Bd3 Nxc3 9. bxc3 c5 10. Bb5+ Nc6 11. e6 Qd6 12. exf7+ Kd8 13. dxc5 Qxc5 14. 0-0 e6 15. Ng5 Bxd1 16. Nxe6+ Kc8 17. Nxc5 Bxc2 18. Ba3 Nd8 19. Rfe1 Bg6 20. Bd7+ Kc7 21. Be8 Bxc5 22. Bxc5 Bxf7 23. Re7+ Kc8 1-0

[Event "CZE-chT2C 1920"]
[Site "Czech Republic"]
[Date "2019.11.03"]
[Round "2.5"]
[White "Tichy, Josef"]
[Black "Keller, Daniel"]
[Result "0-1"]
[WhiteElo "2070"]
[BlackElo "2127"]
[PlyCount "84"]
[EventDate "2019.10.13"]
[EventType "team-tourn"]
[EventRounds "11"]
[EventCountry "CZE"]
[SourceTitle "EXT 2024"]
[Source "ChessBase"]
[SourceDate "2023.10.10"]
[SourceVersion "1"]
[SourceVersionDate "2023.10.10"]
[SourceQuality "1"]
[WhiteTeam "Mlada Boleslav"]
[BlackTeam "Kutna Hora"]
[WhiteTeamCountry "CZE"]
[BlackTeamCountry "CZE"]

1. d4 d6 2. Nf3 Bg4 3. c4 e5 4. Nc3 Nc6 5. d5 Nce7 6. e4 g6 7. h3 Bd7 8. Be2 f5 9. exf5 gxf5 10. Bg5 Bg7 11. Nh4 Nf6 12. Bh5+ Kf8 13. g4 Nxh5 14. gxh5 Kf7 15. Qf3 Qf8 16. h6 Bf6 17. Bxf6 Kxf6 18. Ne4+ Kf7 19. Qh5+ Ng6 20. Ng5+ Ke8 21. Nxg6 hxg6 22. Qxg6+ Ke7 23. h7 Qf6 24. Qxf6+ Kxf6 25. Rg1 f4 26. Rc1 b6 27. Rc3 Bf5 28. Kd2 Bxh7 29. Ne6 c5 30. Rg7 Bf5 31. Rd7 Bxe6 32. Rxd6 Rae8 33. Ra3 Rh7 34. dxe6 Rxe6 35. Rd8 e4 36. Rf8+ Ke5 37. Ra8 Rd6+ 38. Ke2 Rdd7 39. h4 Kd4 40. Rh3 Kxc4 41. Rf8 Rd3 42. Rh2 f3+ 0-1

[Event "CZE-chT2C 1920"]
[Site "Czech Republic"]
[Date "2019.10.13"]
[Round "1.5"]
[White "Cakl, Zdenek"]
[Black "Keller, Daniel"]
[Result "1-0"]
[WhiteElo "2002"]
[BlackElo "2127"]
[PlyCount "64"]
[EventDate "2019.10.13"]
[EventType "team-tourn"]
[EventRounds "11"]
[EventCountry "CZE"]
[SourceTitle "EXT 2024"]
[Source "ChessBase"]
[SourceDate "2023.10.10"]
[SourceVersion "1"]
[SourceVersionDate "2023.10.10"]
[SourceQuality "1"]
[WhiteTeam "Liberec Desko"]
[BlackTeam "Kutna Hora"]
[WhiteTeamCountry "CZE"]
[BlackTeamCountry "CZE"]

1. Nf3 f5 2. b3 b6 3. Bb2 Nf6 4. e3 Bb7 5. Be2 e6 6. 0-0 Be7 7. c4 0-0 8. Nc3 Nc6 9. d4 Qe8 10. d5 exd5 11. cxd5 Nb4 12. Nb5 Nbxd5 13. Bc4 Kh8 14. Bxf6 Bxf6 15. Bxd5 Bxd5 16. Nxc7 Bxf3 17. Qxf3 Qe4 18. Qxe4 fxe4 19. Nxa8 Bxa1 20. Rxa1 Rxa8 21. Rc1 Kg8 22. Rc7 a5 23. g4 Re8 24. Rxd7 Re6 25. Kg2 Rg6 26. Kg3 h5 27. h3 hxg4 28. hxg4 Re6 29. Rb7 Kh7 30. g5 Kg6 31. Kf4 Rc6 32. Kxe4 Kxg5 1-0

[Event "CZE-chT2D 1819"]
[Site "Czech Republic"]
[Date "2019.02.10"]
[Round "8.6"]
[White "Straka, Vojtech1111"]
[Black "Keller, Daniel"]
[Result "0-1"]
[WhiteElo "1979"]
[BlackElo "2133"]
[PlyCount "74"]
[EventDate "2018.10.14"]
[EventType "team-tourn"]
[EventRounds "11"]
[EventCountry "CZE"]
[SourceTitle "EXT 2022"]
[Source "ChessBase"]
[SourceDate "2021.10.06"]
[SourceVersion "1"]
[SourceVersionDate "2021.10.06"]
[SourceQuality "1"]
[WhiteTeam "Brno Lokomotiva"]
[BlackTeam "Kutna Hora"]
[WhiteTeamCountry "CZE"]
[BlackTeamCountry "CZE"]

1. d4 d6 2. c4 e5 3. dxe5 dxe5 4. Qxd8+ Kxd8 5. Nc3 c6 6. e4 Nd7 7. Be3 Bc5 8. Bxc5 Nxc5 9. 0-0-0+ Kc7 10. Nf3 Bg4 11. Be2 Bxf3 12. Bxf3 a5 13. Rd2 Nf6 14. g3 Rad8 15. Rhd1 Rxd2 16. Rxd2 g5 17. h3 h5 18. h4 gxh4 19. gxh4 Rg8 20. Kc2 Rg1 21. Ne2 Re1 22. Ng3 Ncxe4 23. Nxe4 Nxe4 24. Re2 Rxe2+ 25. Bxe2 Nxf2 26. Bxh5 f5 27. Be2 Kd6 28. c5+ Ke6 29. a3 f4 30. b4 axb4 31. axb4 e4 32. Kd2 Kf5 33. b5 e3+ 34. Ke1 cxb5 35. Bxb5 Kg4 36. Ba6 bxa6 37. c6 Ne4 0-1

[Event "CZE-chT2D 1819"]
[Site "Czech Republic"]
[Date "2018.11.18"]
[Round "3.4"]
[White "Svizensky, Lubos"]
[Black "Keller, Daniel"]
[Result "0-1"]
[WhiteElo "1937"]
[BlackElo "2133"]
[PlyCount "60"]
[EventDate "2018.10.14"]
[EventType "team-tourn"]
[EventRounds "11"]
[EventCountry "CZE"]
[SourceTitle "EXT 2022"]
[Source "ChessBase"]
[SourceDate "2021.10.06"]
[SourceVersion "1"]
[SourceVersionDate "2021.10.06"]
[SourceQuality "1"]
[WhiteTeam "Dalesice Pivovar"]
[BlackTeam "Kutna Hora"]
[WhiteTeamCountry "CZE"]
[BlackTeamCountry "CZE"]

1. d4 d6 2. Nf3 Nf6 3. c4 c6 4. Nc3 Bg4 5. e4 e6 6. Be2 d5 7. cxd5 cxd5 8. e5 Nfd7 9. h3 Bh5 10. 0-0 Be7 11. Be3 0-0 12. Qd2 Nc6 13. Rac1 Rc8 14. Rfd1 a6 15. Bg5 Nxd4 16. Qxd4 Bxg5 17. Nxg5 Qxg5 18. f4 Qh4 19. Kh2 Rxc3 20. Bxh5 Rxc1 21. Bxf7+ Rxf7 22. Rxc1 Qxf4+ 23. Qxf4 Rxf4 24. Rc8+ Kf7 25. Rc7 Ke7 26. Rxb7 Ra4 27. a3 d4 28. b4 d3 29. b5 d2 30. bxa6 d1Q 0-1

[Event "CZE-chT2C 1718"]
[Site "Czech Republic"]
[Date "2018.04.08"]
[Round "11.7"]
[White "Keller, Daniel"]
[Black "Daniel, Jiri1111"]
[Result "1/2-1/2"]
[WhiteElo "2123"]
[BlackElo "1949"]
[PlyCount "72"]
[EventDate "2017.10.15"]
[EventType "team-tourn"]
[EventRounds "11"]
[EventCountry "CZE"]
[SourceTitle "EXT 2022"]
[Source "ChessBase"]
[SourceDate "2021.10.06"]
[SourceVersion "1"]
[SourceVersionDate "2021.10.06"]
[SourceQuality "1"]
[WhiteTeam "Kutna Hora"]
[BlackTeam "Praha Eurovia"]
[WhiteTeamCountry "CZE"]
[BlackTeamCountry "CZE"]

1. d4 d5 2. Nf3 Nf6 3. Bf4 Bf5 4. e3 e6 5. Bd3 Bg6 6. 0-0 Bd6 7. Nc3 Bxf4 8. exf4 0-0 9. Ne5 Nbd7 10. Qf3 Bxd3 11. Qxd3 c5 12. Nxd7 Nxd7 13. f5 cxd4 14. Qxd4 Qf6 15. Qxf6 gxf6 16. Rfe1 Rfe8 17. Nb5 Re7 18. Nc7 Rc8 19. Nxd5 Ree8 20. fxe6 fxe6 21. Ne3 Nb6 22. Rad1 Kf7 23. Rd3 Rc7 24. b3 Ree7 25. Red1 Red7 26. Kf1 Rxd3 27. Rxd3 Nd7 28. c4 Ne5 29. Rd2 Ke7 30. Ke2 Rc8 31. f4 Nc6 32. g4 Rg8 33. h4 h6 34. Kf3 Rg7 35. Ke4 h5 36. g5 f5+ 1/2-1/2

[Event "CZE-chT2C 1718"]
[Site "Czech Republic"]
[Date "2017.11.19"]
[Round "3.5"]
[White "Keller, Daniel"]
[Black "Hosticka, Frantisek"]
[Result "0-1"]
[WhiteElo "2123"]
[BlackElo "2135"]
[PlyCount "72"]
[EventDate "2017.10.15"]
[EventType "team-tourn"]
[EventRounds "11"]
[EventCountry "CZE"]
[SourceTitle "EXT 2022"]
[Source "ChessBase"]
[SourceDate "2021.10.06"]
[SourceVersion "1"]
[SourceVersionDate "2021.10.06"]
[SourceQuality "1"]
[WhiteTeam "Kutna Hora"]
[BlackTeam "Pankrac II"]
[WhiteTeamCountry "CZE"]
[BlackTeamCountry "CZE"]

1. d4 Nf6 2. Nf3 e6 3. Bf4 Be7 4. e3 b6 5. Bd3 Bb7 6. Nbd2 Nh5 7. 0-0 Nxf4 8. exf4 d6 9. Re1 0-0 10. Qe2 Re8 11. Rad1 Nd7 12. Ne4 Nf6 13. Neg5 Qd7 14. Bb5 c6 15. Bc4 Bf8 16. Nxf7 Qxf7 17. Ng5 Qd7 18. Bxe6+ Rxe6 19. Nxe6 Re8 20. f5 c5 21. dxc5 Qc6 22. Qf1 bxc5 23. Nf4 Ba6 24. c4 Re4 25. Rxe4 Qxe4 26. g3 Bxc4 27. Qh3 Qc2 28. Re1 Qd2 29. Ng2 Bd5 30. Rf1 Qxb2 31. g4 h6 32. Qg3 Qxa2 33. h4 Ne4 34. Qf4 Nd2 35. Rd1 Nf3+ 36. Kh1 Nxh4 0-1

[Event "CZE-chT2C 1718"]
[Site "Czech Republic"]
[Date "2017.11.05"]
[Round "2.5"]
[White "Stinka, Jakub"]
[Black "Keller, Daniel"]
[Result "1-0"]
[WhiteElo "2106"]
[BlackElo "2123"]
[PlyCount "129"]
[EventDate "2017.10.15"]
[EventType "team-tourn"]
[EventRounds "11"]
[EventCountry "CZE"]
[SourceTitle "EXT 2022"]
[Source "ChessBase"]
[SourceDate "2021.10.06"]
[SourceVersion "1"]
[SourceVersionDate "2021.10.06"]
[SourceQuality "1"]
[WhiteTeam "Pisek"]
[BlackTeam "Kutna Hora"]
[WhiteTeamCountry "CZE"]
[BlackTeamCountry "CZE"]

1. e4 d5 2. exd5 Qxd5 3. Nc3 Qd6 4. d4 Nf6 5. Nf3 a6 6. g3 Bg4 7. Bg2 Nc6 8. Bf4 Qe6+ 9. Be3 0-0-0 10. 0-0 Qf5 11. h3 Bxf3 12. Bxf3 Nxd4 13. Bxd4 e5 14. Nd5 exd4 15. Nxf6 Qxf6 16. Qd3 h5 17. b4 h4 18. b5 axb5 19. Bg4+ Kb8 20. Qxb5 c6 21. Qd3 Bd6 22. Rab1 Qe7 23. Rb6 Bc5 24. Rb3 Kc7 25. Rfb1 Rb8 26. a4 hxg3 27. Qxg3+ Qd6 28. Qf3 f6 29. Qf5 Rhd8 30. Rc1 Re8 31. Rcb1 b6 32. Qg6 Re7 33. a5 b5 34. Qd3 Rbe8 35. Qd2 g6 36. a6 Ra8 37. Ra1 Bb6 38. Bf3 Qe5 39. Qd3 f5 40. Rxb5 Rxa6 41. Rxe5 Rxa1+ 42. Kg2 Rxe5 43. Qc4 Rc5 44. Qf7+ Kc8 45. Qxg6 Kc7 46. h4 Rc1 47. h5 R5xc2 48. h6 d3 49. Qf7+ Kc8 50. Qxf5+ Kc7 51. Qf7+ Kc8 52. Qe8+ Kc7 53. Qe7+ Kc8 54. Qe6+ Kc7 55. h7 Rxf2+ 56. Kg3 Rg1+ 57. Kf4 Rxf3+ 58. Kxf3 Bd4 59. Qe7+ Kc8 60. Qf8+ Kd7 61. Qf7+ Kd6 62. Qf4+ Be5 63. Qb4+ c5 64. Qb8+ Kd5 65. Qg8+ 1-0

[Event "CZE-chT2C 1718"]
[Site "Czech Republic"]
[Date "2017.10.15"]
[Round "1.5"]
[White "Loskot, Petr"]
[Black "Keller, Daniel"]
[Result "0-1"]
[WhiteElo "2079"]
[BlackElo "2123"]
[PlyCount "118"]
[EventDate "2017.10.15"]
[EventType "team-tourn"]
[EventRounds "11"]
[EventCountry "CZE"]
[SourceTitle "EXT 2022"]
[Source "ChessBase"]
[SourceDate "2021.10.06"]
[SourceVersion "1"]
[SourceVersionDate "2021.10.06"]
[SourceQuality "1"]
[WhiteTeam "Tabor"]
[BlackTeam "Kutna Hora"]
[WhiteTeamCountry "CZE"]
[BlackTeamCountry "CZE"]

1. e4 d6 2. Nc3 Nf6 3. f4 c5 4. Nf3 Nc6 5. Bc4 e6 6. Bb3 d5 7. e5 Nd7 8. d3 b5 9. a4 b4 10. Ne2 Na5 11. Ba2 Nb6 12. 0-0 Bd7 13. b3 d4 14. Ng3 Qc7 15. Qe2 g6 16. Bd2 Nd5 17. Ne4 h5 18. h4 0-0-0 19. Rae1 Be7 20. Bb1 Nc6 21. g3 a5 22. Neg5 Rdf8 23. Qf2 Kb7 24. Re2 Kb6 25. Ne4 f6 26. exf6 Bxf6 27. Qg2 Be7 28. Rfe1 Rf5 29. Neg5 Bxg5 30. Nxg5 Nd8 31. Re5 Rxe5 32. Rxe5 Qc6 33. Re2 Nc3 34. Bxc3 Qxg2+ 35. Kxg2 dxc3 36. Kf2 Re8 37. Nf3 Nf7 38. Ne5 Nxe5 39. Rxe5 Rf8 40. Rg5 Rf6 41. Ke3 Bc6 42. g4 hxg4 43. Rxg4 Bd5 44. Rg5 Kc6 45. h5 gxh5 46. Rxh5 Rg6 47. Rg5 Rxg5 48. fxg5 e5 49. Ke2 Kd6 50. Kd1 Ke6 51. Kc1 Kf5 52. Ba2 Kxg5 53. Kb1 Kf4 54. Kc1 Ke3 55. Bb1 Bf3 56. Ba2 Bc6 57. Kd1 c4 58. bxc4 Bxa4 59. Kc1 Ke2 0-1

[Event "CZE-chT2C 1617"]
[Site "Czech Republic"]
[Date "2017.03.19"]
[Round "10.7"]
[White "Keller, Daniel"]
[Black "Vavra, Stanislav"]
[Result "0-1"]
[WhiteElo "2127"]
[BlackElo "1934"]
[PlyCount "62"]
[EventDate "2016.10.09"]
[EventType "team-tourn"]
[EventRounds "11"]
[EventCountry "CZE"]
[SourceTitle "EXT 2022"]
[Source "ChessBase"]
[SourceDate "2021.10.06"]
[SourceVersion "1"]
[SourceVersionDate "2021.10.06"]
[SourceQuality "1"]
[WhiteTeam "Kutna Hora"]
[BlackTeam "Vlasim"]
[WhiteTeamCountry "CZE"]
[BlackTeamCountry "CZE"]

1. c4 e5 2. Nc3 Nc6 3. g3 Nf6 4. Bg2 Bc5 5. d3 d6 6. Nf3 Be6 7. 0-0 Qd7 8. Ng5 Bf5 9. Rb1 h6 10. Nge4 Nxe4 11. Nxe4 Bh3 12. b4 Bxg2 13. Kxg2 Bxb4 14. a3 Ba5 15. Qb3 0-0 16. Bb2 f5 17. Nc3 Nd4 18. Qd1 f4 19. gxf4 Bxc3 20. Bxc3 Qg4+ 21. Kh1 Nxe2 22. f3 Ng3+ 23. Kg1 Qxf4 24. Bd2 Qd4+ 25. Rf2 Nf5 26. Rxb7 Nh4 27. Rxc7 Rxf3 28. Be1 Raf8 29. Qe2 Qg4+ 30. Kh1 Qh3 31. Rxf3 Rxf3 0-1

[Event "CZE-chT2C 1617"]
[Site "Czech Republic"]
[Date "2016.10.30"]
[Round "2.4"]
[White "Keller, Daniel"]
[Black "Gdovin, Jan"]
[Result "1-0"]
[WhiteElo "2127"]
[BlackElo "2038"]
[PlyCount "113"]
[EventDate "2016.10.09"]
[EventType "team-tourn"]
[EventRounds "11"]
[EventCountry "CZE"]
[SourceTitle "EXT 2022"]
[Source "ChessBase"]
[SourceDate "2021.10.06"]
[SourceVersion "1"]
[SourceVersionDate "2021.10.06"]
[SourceQuality "1"]
[WhiteTeam "Kutna Hora"]
[BlackTeam "Pisek"]
[WhiteTeamCountry "CZE"]
[BlackTeamCountry "CZE"]

1. d4 e6 2. c4 d5 3. Nc3 Nf6 4. cxd5 exd5 5. Bg5 Nbd7 6. e3 Be7 7. Bd3 c6 8. Nf3 0-0 9. 0-0 Re8 10. Qc2 Nf8 11. Bxf6 Bxf6 12. b4 a6 13. a4 Bg4 14. Nd2 Bh5 15. Nb3 Bg6 16. Bxg6 hxg6 17. Qd3 b6 18. a5 b5 19. Ne2 Be7 20. Qc3 Qd6 21. Nc5 Rec8 22. Nf4 Nh7 23. Rae1 Nf6 24. f3 Qc7 25. Qd2 Bxc5 26. dxc5 Re8 27. Ne2 Re5 28. Nd4 Rae8 29. Qf2 R5e7 30. Qg3 Re5 31. Re2 R8e7 32. Rfe1 Qd7 33. h3 Ne8 34. Qg4 Qc7 35. Kf2 Nf6 36. Qg3 Qd7 37. Qf4 g5 38. Qg3 g6 39. Rd1 Qe8 40. Rde1 Kg7 41. Qh2 Qd7 42. g4 Re8 43. Qg3 R8e7 44. Kg2 Qe8 45. Qf2 Nh7 46. h4 gxh4 47. Qxh4 f6 48. Kf2 Kg8 49. f4 g5 50. Qg3 gxf4 51. exf4 Rxe2+ 52. Rxe2 Rxe2+ 53. Nxe2 Qe4 54. Qe3 Qxb4 55. Qe6+ Kg7 56. Qxc6 Qxa5 57. Qd7+ 1-0

[Event "CZE-chT2C 1516"]
[Site "Czech Republic"]
[Date "2016.04.03"]
[Round "10.6"]
[White "Keller, Daniel"]
[Black "Kozeny, Pavel"]
[Result "1/2-1/2"]
[WhiteElo "2127"]
[BlackElo "2045"]
[PlyCount "42"]
[EventDate "2015.10.18"]
[EventType "team-tourn"]
[EventRounds "11"]
[EventCountry "CZE"]
[SourceTitle "EXT 2022"]
[Source "ChessBase"]
[SourceDate "2021.10.06"]
[SourceVersion "1"]
[SourceVersionDate "2021.10.06"]
[SourceQuality "1"]
[WhiteTeam "Kutna Hora"]
[BlackTeam "Lysa nad Labem IV"]
[WhiteTeamCountry "CZE"]
[BlackTeamCountry "CZE"]

1. d4 e6 2. c4 Nf6 3. Nf3 Bb4+ 4. Bd2 Be7 5. Nc3 b6 6. e4 Bb7 7. Bd3 d5 8. cxd5 exd5 9. e5 Ne4 10. 0-0 0-0 11. Re1 Nxd2 12. Qxd2 c5 13. b3 Kh8 14. dxc5 bxc5 15. Rad1 Qa5 16. Ne4 Qxd2 17. Nexd2 Nc6 18. Nf1 Bd8 19. Bb5 Nb4 20. Re2 a6 21. Bd7 d4 1/2-1/2

[Event "CZE-chT2C 1415"]
[Site "Czech Republic"]
[Date "2014.11.02"]
[Round "1.8"]
[White "Keller, Daniel"]
[Black "Vincze, Roman"]
[Result "1/2-1/2"]
[WhiteElo "2149"]
[BlackElo "2134"]
[PlyCount "80"]
[EventDate "2014.11.02"]
[EventType "team-tourn"]
[EventRounds "11"]
[EventCountry "CZE"]
[SourceTitle "EXT 2022"]
[Source "ChessBase"]
[SourceDate "2021.10.06"]
[SourceVersion "1"]
[SourceVersionDate "2021.10.06"]
[SourceQuality "1"]
[WhiteTeam "Kutna Hora"]
[BlackTeam "Jihlava Gordic"]
[WhiteTeamCountry "CZE"]
[BlackTeamCountry "CZE"]

1. e4 e6 2. d4 d5 3. exd5 exd5 4. Nc3 Nf6 5. Bg5 c6 6. Qf3 Be7 7. h3 Ne4 8. Nxe4 Bxg5 9. Nxg5 Qxg5 10. Bd3 Be6 11. Ne2 Nd7 12. 0-0 0-0 13. Rfe1 Rfe8 14. Qf4 Qxf4 15. Nxf4 Nf8 16. Re3 Bd7 17. Rae1 Rxe3 18. Rxe3 Re8 19. h4 g6 20. Rxe8 Bxe8 21. Kh2 f6 22. Kg3 Kg7 23. Kf3 h6 24. Kg4 g5 25. hxg5 fxg5 26. Ne2 Kf6 27. f4 h5+ 28. Kf3 Bd7 29. fxg5+ Kxg5 30. g3 Bg4+ 31. Ke3 Ne6 32. c3 Bxe2 33. Bxe2 b6 34. Ba6 c5 35. Bc8 Ng7 36. b4 cxb4 37. cxb4 Nf5+ 38. Bxf5 Kxf5 39. b5 Kg4 40. Kf2 Kg5 1/2-1/2

[Event "CZE-chT2C 1314"]
[Site "Czech Republic"]
[Date "2014.01.05"]
[Round "5.5"]
[White "Kubikova, Hana"]
[Black "Keller, Daniel"]
[Result "0-1"]
[WhiteElo "2147"]
[BlackElo "2140"]
[PlyCount "140"]
[EventDate "2013.11.03"]
[EventType "team-tourn"]
[EventRounds "11"]
[EventCountry "CZE"]
[SourceTitle "EXT 2015"]
[Source "ChessBase"]
[SourceDate "2014.11.20"]
[SourceVersion "1"]
[SourceVersionDate "2014.11.20"]
[SourceQuality "1"]
[WhiteTeam "Ricany"]
[BlackTeam "Kutna Hora"]
[WhiteTeamCountry "CZE"]
[BlackTeamCountry "CZE"]

1. d4 d6 2. g3 Nf6 3. Bg2 c6 4. Nf3 Bg4 5. 0-0 e6 6. c4 Nbd7 7. Nc3 d5 8. cxd5 exd5 9. Qc2 Be7 10. Bf4 0-0 11. Rad1 Re8 12. h3 Bh5 13. Rfe1 Bg6 14. Qc1 Ne4 15. Nxe4 dxe4 16. Nd2 Nf6 17. a3 Qd5 18. Nc4 Rad8 19. Qc3 Qb5 20. Be3 Nd5 21. Qc1 Bf6 22. Ne5 Nxe3 23. Qxe3 Qxb2 24. Rb1 Qxd4 25. Qxd4 Rxd4 26. Nxg6 hxg6 27. Rxb7 Ra4 28. Rc1 Rxa3 29. Rxc6 Ra1+ 30. Kh2 Bd4 31. Rc4 Bxf2 32. Bxe4 Bb6 33. Rd7 Ra3 34. Bf3 g5 35. Re4 Rxe4 36. Bxe4 Re3 37. Bd3 Kf8 38. Bc4 Re7 39. Rd5 f6 40. Bd3 Rc7 41. Kg2 a5 42. Bb5 Ke7 43. Kf3 Ke6 44. Rd3 Ke5 45. Kg4 Ra7 46. Kh5 Bc5 47. Bc6 Bb4 48. Kg6 a4 49. Rd5+ Ke6 50. Rd4 a3 51. e4 Bd6 52. Rd2 Bxg3 53. Bd5+ Ke5 54. Bf7 Kxe4 55. Kxg7 Be5 56. Kg6 Ke3 57. Rc2 Kf3 58. Be6 Ra6 59. Bc4 Ra5 60. Rd2 Bb2 61. Ba2 Kg3 62. Rd3+ Kh4 63. Rf3 Rc5 64. Be6 Rc1 65. Rb3 Re1 66. Rb4+ Kg3 67. Rb3+ Kf4 68. Bd5 Re3 69. Rb4+ Ke5 70. Bf7 Rxh3 0-1

[Event "CZE-chT2C 1213"]
[Site "Czech Republic"]
[Date "2013.03.24"]
[Round "11.2"]
[White "Petr, Jan"]
[Black "Keller, Daniel"]
[Result "1/2-1/2"]
[WhiteElo "2155"]
[BlackElo "2159"]
[PlyCount "56"]
[EventDate "2012.10.14"]
[EventType "team-tourn"]
[EventRounds "11"]
[EventCountry "CZE"]
[SourceTitle "EXT 2015"]
[Source "ChessBase"]
[SourceDate "2014.11.20"]
[SourceVersion "1"]
[SourceVersionDate "2014.11.20"]
[SourceQuality "1"]
[WhiteTeam "Pankrac II"]
[BlackTeam "Kutna Hora"]
[WhiteTeamCountry "CZE"]
[BlackTeamCountry "CZE"]

1. e4 d5 2. exd5 Qxd5 3. d4 Nf6 4. Nf3 Bg4 5. Be2 Nc6 6. h3 Bxf3 7. Bxf3 Qd6 8. c3 0-0-0 9. 0-0 e5 10. Na3 exd4 11. Nb5 Qc5 12. Bxc6 bxc6 13. Nxd4 Nd5 14. Qd3 Kb7 15. Nb3 Qe7 16. Qc4 Qf6 17. Na5+ Kb6 18. Bg5 Qxg5 19. Qxc6+ Kxa5 20. b4+ Nxb4 21. cxb4+ Bxb4 22. a3 Bc5 23. Rab1 Rb8 24. Rfc1 Rxb1 25. Rxb1 Rb8 26. Qxc7+ Rb6 27. Qxa7+ Ra6 28. Qc7+ Rb6 1/2-1/2

[Event "Ricany op-A"]
[Site "Ricany"]
[Date "2007.08.29"]
[Round "6"]
[White "Keller, Daniel"]
[Black "Tejkal, Jiri"]
[Result "0-1"]
[WhiteElo "2139"]
[BlackElo "2018"]
[PlyCount "80"]
[EventDate "2007.08.25"]
[EventType "swiss"]
[EventRounds "9"]
[EventCountry "CZE"]
[SourceTitle "EXT 2008"]
[Source "ChessBase"]
[SourceDate "2007.11.25"]
[SourceVersion "1"]
[SourceVersionDate "2007.11.25"]
[SourceQuality "1"]

1. d4 d5 2. Nf3 c6 3. c3 Nf6 4. Bg5 Nbd7 5. e3 e6 6. Nbd2 Be7 7. Bd3 Nf8 8. 0-0 Ng6 9. Re1 c5 10. Rc1 Nd7 11. Bxe7 Qxe7 12. e4 Nf4 13. Bb1 cxd4 14. exd5 Nxd5 15. Nxd4 0-0 16. Bxh7+ Kxh7 17. Qh5+ Kg8 18. Qxd5 Nf6 19. Qg5 Qc7 20. h4 Rd8 21. Ne4 Nxe4 22. Rxe4 Rd5 23. Qe3 e5 24. Nf3 f6 25. Qe2 Be6 26. a3 Rad8 27. Re1 Bf5 28. Re3 Qb6 29. b4 Qc6 30. c4 Rd3 31. c5 Rxe3 32. fxe3 Qd7 33. Kf2 Bg4 34. Qc4+ Kh8 35. Qe4 Bf5 36. Qc4 Be6 37. Qc2 Bf5 38. Qc3 Be4 39. Kg3 Qf5 40. Nd2 Qg6+ 0-1

[Event "Ricany op-A"]
[Site "Ricany"]
[Date "2007.08.26"]
[Round "3"]
[White "Vanecek, Stanislav"]
[Black "Keller, Daniel"]
[Result "0-1"]
[WhiteElo "2002"]
[BlackElo "2139"]
[PlyCount "84"]
[EventDate "2007.08.25"]
[EventType "swiss"]
[EventRounds "9"]
[EventCountry "CZE"]
[SourceTitle "EXT 2008"]
[Source "ChessBase"]
[SourceDate "2007.11.25"]
[SourceVersion "1"]
[SourceVersionDate "2007.11.25"]
[SourceQuality "1"]

1. c4 d6 2. d4 e5 3. dxe5 dxe5 4. Qxd8+ Kxd8 5. Nc3 c6 6. Nf3 f6 7. e4 Be6 8. Be3 Nd7 9. 0-0-0 Kc7 10. Be2 g6 11. Rd2 Bh6 12. Bxh6 Nxh6 13. Rhd1 Nf7 14. h3 Rad8 15. b3 a5 16. Kb2 Nc5 17. Ne1 Ng5 18. Rxd8 Rxd8 19. Rxd8 Kxd8 20. f3 Bd7 21. Bf1 Nge6 22. Ne2 g5 23. Kc3 h5 24. g4 h4 25. Nd3 Kc7 26. Nxc5 Nxc5 27. a3 b5 28. Nc1 Ne6 29. cxb5 cxb5 30. Ne2 Nc5 31. Nc1 Kb6 32. b4 Na4+ 33. Kc2 Be6 34. Bd3 Ka6 35. Ne2 Nb6 36. Kc3 a4 37. Ng1 Bc4 38. Bc2 Bf1 39. Kb2 Nc4+ 40. Ka2 Ne3 41. Bb1 Nd1 42. Ka1 Nf2 0-1